Statistics for Premier League's First Seasons Grounds

Click here to take the quiz!

General Stats

  • This quiz has been taken 17 times
    (13 since last reset)
  • The average score is 13 of 21

Answer Stats

Answer% Correct
Old Trafford
100%
Stamford Bridge
100%
Goodison Park
92%
Anfield
92%
White Hart Lane
83%
Highbury
83%
Elland Road
75%
Hillsborough
75%
Maine Road
75%
Villa Park
75%
Ewood Park
58%
Selhurst Park
42%
Ayresome Park
42%
Bramall Lane
42%
The Dell
42%
Carrow Road
33%
Highfield Road
33%
City Ground
33%
Portman Road
25%
Boundary Park
25%
Loftus Road
25%

Score Distribution

Percentile by Number Answered

Percent of People with Each Score

Your Score History

You have not taken this quiz since the last reset